[Event "World Cup 2009"]
[Site "0:53.40-0:28.56"]
[Date "2009.11.21"]
[Round "12"]
[White "Wang, Hao"]
[Black "Friedel, Joshua E"]
[Result "1-0"]
[WhiteElo "2708"]
[WhiteCountry "CHN"]
[BlackElo "2551"]
[BlackCountry "USA"]
[Remark "WCC 2009 Match 020"]
[PresId "1000120020"]

1. Nf3 Nc6 2. e4 e5 3. Bb5 Nf6 4. O-O Bc5 5. Nxe5 O-O 6. Bxc6 bxc6 7.
d4 Bb6 8. Nc3 Re8 9. Bg5 h6 10. Bh4 g5 11. Bg3 d6 12. Nxc6 Qd7 13. Qf3
Qxc6 14. Qxf6 Re6 15. d5 Rxf6 16. dxc6 Ba6 17. Rfd1 h5 18. Nd5 Re6 19.
Nxb6 axb6 20. f3 h4 21. Be1 g4 22. Rd5 gxf3 23. gxf3 Rg6+ 24. Kf2 h3
25. Bc3 f6 26. Rg1 Rxg1 27. Kxg1 Kf7 28. Kf2 Rg8 29. Ke3 Rg2 30. Rf5
Rxh2 31. Rxf6+ Ke8 32. Rh6 Bb5 33. Rh8+ Kf7 34. Rh7+ Kg6 35. Rxc7 Re2+
36. Kf4 h2 37. Rg7+ Kh6 38. c7 h1Q 39. c8Q Qh2+ 40. Rg3 Qh4+ 41. Rg4
Qh2+ 42. Kf5 Qh5+ 43. Kf6 Be8 44. Qc7 1-0
*

[Event "World Cup 2009"]
[Site "0:01.02-0:08.49"]
[Date "2009.11.21"]
[Round "12"]
[White "Shulman, Yuri"]
[Black "Savchenko, Boris"]
[Result "1/2-1/2"]
[WhiteElo "2623"]
[WhiteCountry "USA"]
[BlackElo "2644"]
[BlackCountry "RUS"]
[Remark "WCC 2009 Match 055"]
[PresId "1000120055"]

1. d4 Nf6 2. c4 e6 3. Nf3 b6 4. g3 Ba6 5. b3 Bb4+ 6. Bd2 Be7 7. Bg2
O-O 8. O-O d5 9. Ne5 Bb7 10. cxd5 Nxd5 11. Nc3 Nd7 12. Nxd5 exd5 13.
Bf4 Nxe5 14. Bxe5 Qd7 15. Rc1 c6 16. e4 Ba3 17. Rc2 dxe4 18. Bxe4 Rae8
19. Qf3 Bd6 20. Bxc6 Bxc6 21. Qxc6 Qxc6 22. Rxc6 Bxe5 23. dxe5 Rxe5
24. Rd1 Re7 25. a4 g6 26. Kg2 Rfe8 27. Rd4 Kf8 28. h4 h5 29. Kf3 Re5
30. Rc7 R8e7 31. Rd8+ Kg7 32. Rxe7 Re4 33. Kxe4 1/2-1/2
*

[Event "World Cup 2009"]
[Site "0:00.47-0:00.13"]
[Date "2009.11.23"]
[Round "13"]
[White "Andreikin, Dmitry"]
[Black "Nyback, Tomi"]
[Result "1-0"]
[WhiteElo "2636"]
[WhiteCountry "RUS"]
[BlackElo "2628"]
[BlackCountry "FIN"]
[Remark "WCC 2009 Match 062"]
[PresId "1000130062"]

1. d4 Nf6 2. c4 e6 3. Nf3 b6 4. g3 Bb7 5. Bg2 Bb4+ 6. Bd2 Bxd2+ 7.
Qxd2 O-O 8. O-O d6 9. Nc3 Ne4 10. Qc2 Nxc3 11. Qxc3 Nd7 12. Rad1 Qe7
13. d5 e5 14. e4 a5 15. Nd2 c6 16. Qe3 Nc5 17. Rfe1 Rfe8 18. b3 Nd7
19. Bh3 c5 20. a4 Bc8 21. f4 exf4 22. gxf4 Nf8 23. Bxc8 Raxc8 24. e5
Qd7 25. Qg3 Ng6 26. exd6 Qxd6 27. f5 Qxg3+ 28. hxg3 Ne5 29. Kg2 Ng4
30. Ne4 Rcd8 31. Kf3 Ne5+ 32. Kf4 f6 33. g4 Rd7 34. Re3 h6 35. Rde1
Rde7 36. Kg3 Kf8 37. Nf2 Kf7 38. Ne4 Kf8 39. Nd2 Kg8 40. Nf3 Kf7 41.
Nxe5+ fxe5 42. Rh1 Kf6 43. Rh5 Rg8 44. Kf3 e4+ 45. Kf4 Rh8 46. Rh1 g5+
47. fxg6 Kxg6 48. Rxe4 Rf8+ 49. Ke3 Ref7 50. Re6+ Kg5 51. Rhxh6 Kxg4
52. Ke4 Rf4+ 53. Ke5 R8f5+ 54. Kd6 Rf3 55. Reg6+ Kf4 56. Kc7 Rf7+ 57.
Kc6 Rxb3 58. d6 Rd3 59. Kxb6 Ke5 60. Kxc5 Rf8 61. Re6+ Kf5 62. Re7 Kg5
63. Rhe6 Kf5 64. Re5+ Kf6 65. Rd5 Ra3 66. Re2 Rc8+ 67. Kd4 Rxa4 68.
Rc2 Ra1 69. d7 Rg8 70. Kc5 Ke7 71. d8Q+ 1-0
*